|
|
|
|
| LEADER |
01246nam a22002537a 4500 |
| 001 |
4448 |
| 003 |
BD-DhAAL |
| 005 |
20211031100322.0 |
| 008 |
160323s 2002bg ||||| |||| 00| 0 ben d |
| 999 |
|
|
|c 37213
|d 37213
|
| 020 |
|
|
|a 9840742957
|
| 040 |
|
|
|a BD-DhAAL
|c BD-DhAAL
|
| 082 |
|
|
|a 891.44
|
| 245 |
|
|
|a সুফিয়া কামাল রচনাসংগ্রহ,
|n প্রথম খন্ড /
|c সাজেদ কামাল সম্পাদিত
|
| 260 |
|
|
|a ঢাকা :
|b বাংলা একাডেমী,
|c ২০০২
|
| 300 |
|
|
|a ৬৬৯ পৃষ্ঠা ;
|c ২২ সে.মি.
|
| 526 |
|
|
|a BIED
|
| 541 |
|
|
|a Complimentary copy from BIED
|e 4448, 36101
|
| 650 |
|
|
|a Bengali Literature
|9 18766
|
| 700 |
|
|
|a কামাল, সাজেদ
|9 18767
|
| 852 |
|
|
|a Savar Campus Library
|c General Stacks
|
| 942 |
|
|
|2 ddc
|c BK
|
| 952 |
|
|
|0 0
|1 0
|2 ddc
|4 0
|6 891_440000000000000_SUF
|7 0
|9 58497
|a SCL
|b SCL
|c GEN
|d 2016-03-23
|g 280.00
|l 0
|o 891.44 SUF
|p 3020004448
|r 2016-03-23
|t 1
|w 2016-03-23
|y BK
|
| 952 |
|
|
|0 0
|1 0
|2 ddc
|4 0
|6 891_440000000000000_SUF
|7 0
|9 69452
|a BRACUL
|b BRACUL
|c GEN
|d 2021-10-31
|e Complimentary copy from BIED
|l 1
|m 8
|o 891.44 SUF
|p 3010036101
|r 2023-01-24
|s 2022-11-22
|t 2
|w 2021-10-31
|y BK
|x Transferred from BIED to General Stacks
|